000 00764nam a2200205Ia 4500
003 GCL
008 140319s9999 xx 000 0 ara d
020 _a7522701977
040 _aGCL /
_cGCL
082 0 4 _aق
_b338.924
_bا م
100 1 _aالبيومى اسماعيل الشربينى
245 1 0 _aمصادرة الاملاك فى الدولة الاسلامية :
_bعصر سلاطين المماليك /
_cالبيومى اسماعيل الشربينى
260 _aالقاهرة :
_bالهيئة المصرية العامة للكتاب ،
_c1997
300 _a2 مج ؛
_c24 سم
490 _aتاريخ المصريين
_v111-110
650 0 4 _aنزع الملكية
650 0 4 _aالتأميم
650 0 4 _aالمصادرة
942 _2ddc
_cBK
999 _c44624
_d44624